[Event "Aragon-chT Honor 7_10"]
[Site "Aragon"]
[Date "2016.04.02"]
[Round "9.20"]
[White "Laplaza Ara, Carlos"]
[Black "Glaria Tevar, Salvador"]
[Result "1-0"]
[WhiteElo "1975"]
[BlackElo "1808"]
[PlyCount "92"]
[EventDate "2016.03.19"]
[EventType "team-tourn"]
[EventRounds "9"]
[EventCountry "ESP"]
[SourceTitle "EXT 2018"]
[Source "ChessBase"]
[SourceDate "2017.10.13"]
[SourceVersion "1"]
[SourceVersionDate "2017.10.13"]
[SourceQuality "1"]
[WhiteTeam "Huesca Club Atletismo"]
[BlackTeam "San Jose"]
[WhiteTeamCountry "ESP"]
[BlackTeamCountry "ESP"]

1. d4 e6 2. Nf3 f5 3. c4 Nf6 4. Nc3 Bb4 5. a3 Bxc3+ 6. bxc3 b6 7. g3 Bb7 8. Bg2 0-0 9. 0-0 d6 10. Qd3 Qe8 11. Nd2 Bxg2 12. Kxg2 e5 13. e4 f4 14. Nf3 Qh5 15. h3 Nbd7 16. Bd2 Rae8 17. Rae1 g5 18. Nh2 Qg6 19. f3 fxg3 20. Kxg3 Nh5+ 21. Kf2 Nf4 22. Bxf4 Rxf4 23. Rg1 Qh5 24. Rg3 Nf6 25. Ng4 Nxg4+ 26. hxg4 Qh2+ 27. Rg2 Qh4+ 28. Ke2 Ref8 29. Rf1 h5 30. gxh5 g4 31. Rfg1 Kh7 32. Rxg4 Rxg4 33. Rxg4 Qh2+ 34. Ke1 Qh1+ 35. Kf2 Qh2+ 36. Rg2 Qxh5 37. dxe5 Qxe5 38. Qd5 Qxd5 39. cxd5 Rc8 40. Ke3 c6 41. dxc6 Rxc6 42. Kd4 Rc5 43. f4 Ra5 44. f5 Rxa3 45. f6 Ra1 46. Kd5 Rd1+ 1-0

[Event "Zaragoza Province-ch Primera"]
[Site "Zaragoza"]
[Date "2015.11.08"]
[Round "6"]
[White "Gaston Cabello, Jorge Luis"]
[Black "Glaria Tevar, Salvador"]
[Result "1-0"]
[WhiteElo "1731"]
[BlackElo "1846"]
[PlyCount "73"]
[EventDate "2015.09.27"]
[EventType "swiss"]
[EventRounds "6"]
[EventCountry "ESP"]
[SourceTitle "CBM 170 Extra"]
[Source "ChessBase"]
[SourceDate "2016.02.25"]
[SourceVersion "1"]
[SourceVersionDate "2016.02.25"]
[SourceQuality "1"]

1. d4 e6 2. Nf3 f5 3. Bf4 Nf6 4. e3 Be7 5. Nbd2 0-0 6. h3 d6 7. Bc4 Qe8 8. c3 b5 9. Be2 Kh8 10. a4 Bd7 11. axb5 Bxb5 12. c4 Bc6 13. b4 Bd8 14. b5 Bb7 15. 0-0 a6 16. Qb3 axb5 17. Rxa8 Bxa8 18. Ra1 Bb7 19. Ra7 Bxf3 20. Bxf3 e5 21. dxe5 dxe5 22. Bh2 e4 23. Be2 Nc6 24. Ra8 Qd7 25. Nf1 b4 26. Qa4 Be7 27. Rxf8+ Bxf8 28. c5 Nd5 29. Bb5 Nde7 30. Qxb4 Qd5 31. Qa4 g6 32. Qa1+ Kg8 33. Qc1 Na5 34. Bxc7 Nec6 35. Bxa5 Nxa5 36. Qc3 Qa8 37. c6 1-0

[Event "Aragon-chT Autonomico"]
[Site "Aragon"]
[Date "2007.03.03"]
[Round "6"]
[White "Glaria Tevar, Salvador"]
[Black "Vera Aranjuelo, Jesus Maria"]
[Result "0-1"]
[WhiteElo "1936"]
[BlackElo "2114"]
[PlyCount "46"]
[EventDate "2007.01.27"]
[EventType "team"]
[EventRounds "9"]
[EventCountry "ESP"]
[SourceTitle "EXT 2008"]
[Source "ChessBase"]
[SourceDate "2007.11.25"]
[SourceVersion "1"]
[SourceVersionDate "2007.11.25"]
[SourceQuality "1"]
[WhiteTeam "Aragon UGT"]
[BlackTeam "Caissa II"]
[WhiteTeamCountry "ESP"]
[BlackTeamCountry "ESP"]

1. d4 d5 2. Nf3 Nf6 3. Bg5 Ne4 4. Bf4 Bf5 5. e3 e6 6. Nbd2 Bd6 7. Be2 Bxf4 8. exf4 0-0 9. Ne5 Nd7 10. g4 Qh4 11. Nxe4 Bxe4 12. Bf3 Nxe5 13. fxe5 Bg6 14. Qe2 Rfc8 15. c4 c6 16. c5 b6 17. cxb6 axb6 18. b4 c5 19. bxc5 bxc5 20. dxc5 Qh3 21. Qe3 d4 22. Qf4 Ra3 23. Be4 Bxe4 0-1

[Event "Aragon-chT Autonomico"]
[Site "Aragon"]
[Date "2007.02.17"]
[Round "4"]
[White "Forcen Esteban, Daniel"]
[Black "Glaria Tevar, Salvador"]
[Result "1-0"]
[WhiteElo "2083"]
[BlackElo "1936"]
[PlyCount "77"]
[EventDate "2007.01.27"]
[EventType "team"]
[EventRounds "9"]
[EventCountry "ESP"]
[SourceTitle "EXT 2008"]
[Source "ChessBase"]
[SourceDate "2007.11.25"]
[SourceVersion "1"]
[SourceVersionDate "2007.11.25"]
[SourceQuality "1"]
[WhiteTeam "IberCaja II"]
[BlackTeam "Aragon UGT"]
[WhiteTeamCountry "ESP"]
[BlackTeamCountry "ESP"]

1. e4 d6 2. f4 g6 3. Nf3 Bg7 4. Nc3 Nf6 5. d4 0-0 6. Be3 b6 7. e5 Nfd7 8. Bc4 Ba6 9. Bb3 e6 10. d5 dxe5 11. dxe6 exf4 12. Bxf4 fxe6 13. Be3 Qe7 14. Ng5 Nc5 15. Qg4 Nxb3 16. axb3 Rf5 17. 0-0-0 Nd7 18. Kb1 Raf8 19. Rhe1 Nf6 20. Qh4 Bh8 21. Bc1 Bc8 22. Ne2 c5 23. Nc3 a6 24. g4 Rxg5 25. Bxg5 Qc7 26. Rf1 Nd7 27. Rxf8+ Nxf8 28. Bd8 Qe5 29. Bxb6 Bf6 30. g5 Bxg5 31. Qe4 Qf6 32. Bxc5 Nd7 33. Qa8 Qd8 34. Ne4 Bh4 35. Ba3 Qc7 36. Nd6 Nb6 37. Qf3 Qd8 38. Qg4 Bf6 39. Ne4 1-0

[Event "Zaragoza op"]
[Site "Zaragoza"]
[Date "2005.10.21"]
[Round "2"]
[White "Gomez Anadon, Daniel"]
[Black "Glaria Tevar, Salvador"]
[Result "1-0"]
[WhiteElo "2288"]
[BlackElo "2003"]
[PlyCount "54"]
[EventDate "2005.10.07"]
[EventType "swiss"]
[EventRounds "9"]
[EventCountry "ESP"]
[SourceTitle "EXT 2007"]
[Source "ChessBase"]
[SourceDate "2006.11.23"]
[SourceVersion "1"]
[SourceVersionDate "2006.11.23"]
[SourceQuality "1"]

1. e4 c5 2. Nc3 e6 3. Nf3 Nc6 4. Bb5 Nd4 5. Nxd4 cxd4 6. Ne2 Bc5 7. 0-0 a6 8. Ba4 b5 9. Bb3 Bb7 10. d3 Ne7 11. Ng3 Qc7 12. Nh5 0-0-0 13. Bf4 Bd6 14. Bxd6 Qxd6 15. a4 b4 16. Qd2 Qe5 17. Ng3 Nc6 18. Rac1 Kb8 19. f4 Qc5 20. Qf2 Rc8 21. Ne2 f6 22. c3 bxc3 23. bxc3 Qa3 24. Bc4 d5 25. exd5 exd5 26. Bxd5 Rce8 27. Bxc6 Bxc6 1-0